Countries the Equator Passes Through (in Order) - Statistics

General Stats
  • This quiz has been taken 520 times
  • The average score is 9 of 11
Answer Stats
Country % Correct
São Tomé and Príncipe
94%
Gabon
93%
Republic of the Congo
92%
Democratic Republic of the Congo
91%
Kenya
91%
Uganda
89%
Indonesia
83%
Somalia
83%
Ecuador
69%
Brazil
68%
Colombia
67%
No matching quizzes found
Score Distribution
Percent of People with Each Score
Percentile by Number Answered
Your Score History
You have not taken this quiz